<?xml version="1.0" encoding="UTF-8"?>
<record
    xmlns:xsi="http://www.w3.org/2001/XMLSchema-instance"
    xsi:schemaLocation="http://www.loc.gov/MARC21/slim http://www.loc.gov/standards/marcxml/schema/MARC21slim.xsd"
    xmlns="http://www.loc.gov/MARC21/slim">

  <leader>00635nam a22001337a 4500</leader>
  <datafield tag="040" ind1=" " ind2=" ">
    <subfield code="c">RUA</subfield>
  </datafield>
  <datafield tag="082" ind1=" " ind2=" ">
    <subfield code="a">VEM PHE 2015 B522 Or.1</subfield>
  </datafield>
  <datafield tag="100" ind1=" " ind2=" ">
    <subfield code="a">PHEAC CHAMVIRAK; &#x1797;&#x17B6;&#x179C; &#x1785;&#x1798;&#x179C;&#x17B8;&#x179A;&#x17C8;</subfield>
  </datafield>
  <datafield tag="245" ind1=" " ind2=" ">
    <subfield code="a">Effective on solution FeEDTA/FeEDDHA on the growth of bok choy by hydrophonics; &#x17A5;&#x1791;&#x17D2;&#x1792;&#x17B7;&#x1796;&#x179B;&#x1793;&#x17C3;&#x17A2;&#x178F;&#x17D2;&#x179A;&#x17B6;FeEDTA/FeEDDHA &#x179B;&#x17BE;&#x1780;&#x17B6;&#x179A;&#x179B;&#x17BC;&#x178F;&#x179B;&#x17B6;&#x179F;&#x17CB;&#x178A;&#x17C6;&#x178E;&#x17B6;&#x17C6;&#x179F;&#x17D2;&#x1796;&#x17C3;&#x178F;&#x17BF;&#x178A;&#x17B6;&#x17C6;&#x178F;&#x17B6;&#x1798;&#x1794;&#x1785;&#x17D2;&#x1785;&#x17C1;&#x1780;&#x1791;&#x17C1;&#x179F;</subfield>
  </datafield>
  <datafield tag="260" ind1=" " ind2=" ">
    <subfield code="a">Phnom Penh</subfield>
    <subfield code="b">RUA</subfield>
    <subfield code="c">2015</subfield>
  </datafield>
  <datafield tag="300" ind1=" " ind2=" ">
    <subfield code="a">x; 34p;</subfield>
    <subfield code="b">ill;</subfield>
    <subfield code="c">29cm;</subfield>
  </datafield>
  <datafield tag="856" ind1=" " ind2=" ">
    <subfield code="u">EFFECTIVE ON SOLUTION FeEDTA/FeEDDHA ON THE GROWTH OF  BOK CHOY BY HYDROPHONICS</subfield>
  </datafield>
  <datafield tag="942" ind1=" " ind2=" ">
    <subfield code="c">VEM</subfield>
  </datafield>
  <datafield tag="999" ind1=" " ind2=" ">
    <subfield code="c">10680</subfield>
    <subfield code="d">10680</subfield>
  </datafield>
  <datafield tag="952" ind1=" " ind2=" ">
    <subfield code="0">0</subfield>
    <subfield code="1">0</subfield>
    <subfield code="2">ddc</subfield>
    <subfield code="4">0</subfield>
    <subfield code="6">VEM_PHE_2015_000000000000000_B522_OR_1</subfield>
    <subfield code="7">0</subfield>
    <subfield code="9">55511</subfield>
    <subfield code="a">LBB</subfield>
    <subfield code="b">LBB</subfield>
    <subfield code="c">B522</subfield>
    <subfield code="d">2016-11-02</subfield>
    <subfield code="o">VEM PHE 2015 B522 Or.1</subfield>
    <subfield code="r">2016-11-02</subfield>
    <subfield code="w">2016-11-02</subfield>
    <subfield code="y">VEM</subfield>
  </datafield>
  <datafield tag="952" ind1=" " ind2=" ">
    <subfield code="0">0</subfield>
    <subfield code="1">0</subfield>
    <subfield code="2">ddc</subfield>
    <subfield code="4">0</subfield>
    <subfield code="6">VEM_PHE_2015_000000000000000_B522_OR_1</subfield>
    <subfield code="7">0</subfield>
    <subfield code="9">55512</subfield>
    <subfield code="a">LBB</subfield>
    <subfield code="b">LBB</subfield>
    <subfield code="c">B522</subfield>
    <subfield code="d">2016-11-02</subfield>
    <subfield code="o">VEM PHE 2015 B522 Or.1</subfield>
    <subfield code="r">2016-11-02</subfield>
    <subfield code="w">2016-11-02</subfield>
    <subfield code="y">VEM</subfield>
  </datafield>
  <datafield tag="952" ind1=" " ind2=" ">
    <subfield code="0">0</subfield>
    <subfield code="1">0</subfield>
    <subfield code="2">ddc</subfield>
    <subfield code="4">0</subfield>
    <subfield code="6">VEM_PHE_2015_000000000000000_B522_OR_1</subfield>
    <subfield code="7">0</subfield>
    <subfield code="9">55513</subfield>
    <subfield code="a">LBB</subfield>
    <subfield code="b">LBB</subfield>
    <subfield code="c">B522</subfield>
    <subfield code="d">2016-11-02</subfield>
    <subfield code="o">VEM PHE 2015 B522 Or.1</subfield>
    <subfield code="r">2016-11-02</subfield>
    <subfield code="w">2016-11-02</subfield>
    <subfield code="y">VEM</subfield>
  </datafield>
  <datafield tag="952" ind1=" " ind2=" ">
    <subfield code="0">0</subfield>
    <subfield code="1">0</subfield>
    <subfield code="2">ddc</subfield>
    <subfield code="4">0</subfield>
    <subfield code="6">VEM_PHE_2015_000000000000000_B522_OR_1</subfield>
    <subfield code="7">0</subfield>
    <subfield code="9">55514</subfield>
    <subfield code="a">LBB</subfield>
    <subfield code="b">LBB</subfield>
    <subfield code="c">B522</subfield>
    <subfield code="d">2016-11-02</subfield>
    <subfield code="o">VEM PHE 2015 B522 Or.1</subfield>
    <subfield code="r">2016-11-02</subfield>
    <subfield code="w">2016-11-02</subfield>
    <subfield code="y">VEM</subfield>
  </datafield>
  <datafield tag="952" ind1=" " ind2=" ">
    <subfield code="0">0</subfield>
    <subfield code="1">0</subfield>
    <subfield code="2">ddc</subfield>
    <subfield code="4">0</subfield>
    <subfield code="6">VEM_PHE_2015_000000000000000_B522_OR_1</subfield>
    <subfield code="7">0</subfield>
    <subfield code="9">55515</subfield>
    <subfield code="a">LBB</subfield>
    <subfield code="b">LBB</subfield>
    <subfield code="c">B522</subfield>
    <subfield code="d">2016-11-02</subfield>
    <subfield code="o">VEM PHE 2015 B522 Or.1</subfield>
    <subfield code="r">2016-11-02</subfield>
    <subfield code="w">2016-11-02</subfield>
    <subfield code="y">VEM</subfield>
  </datafield>
  <datafield tag="952" ind1=" " ind2=" ">
    <subfield code="0">0</subfield>
    <subfield code="1">0</subfield>
    <subfield code="2">ddc</subfield>
    <subfield code="4">0</subfield>
    <subfield code="6">VEM_PHE_2015_000000000000000_B522_OR_1</subfield>
    <subfield code="7">0</subfield>
    <subfield code="9">55516</subfield>
    <subfield code="a">LBB</subfield>
    <subfield code="b">LBB</subfield>
    <subfield code="c">B522</subfield>
    <subfield code="d">2016-11-02</subfield>
    <subfield code="o">VEM PHE 2015 B522 Or.1</subfield>
    <subfield code="r">2016-11-02</subfield>
    <subfield code="w">2016-11-02</subfield>
    <subfield code="y">VEM</subfield>
  </datafield>
  <datafield tag="952" ind1=" " ind2=" ">
    <subfield code="0">0</subfield>
    <subfield code="1">0</subfield>
    <subfield code="2">ddc</subfield>
    <subfield code="4">0</subfield>
    <subfield code="6">VEM_PHE_2015_000000000000000_B522_OR_1</subfield>
    <subfield code="7">0</subfield>
    <subfield code="9">55517</subfield>
    <subfield code="a">LBB</subfield>
    <subfield code="b">LBB</subfield>
    <subfield code="c">B522</subfield>
    <subfield code="d">2016-11-02</subfield>
    <subfield code="o">VEM PHE 2015 B522 Or.1</subfield>
    <subfield code="r">2016-11-02</subfield>
    <subfield code="w">2016-11-02</subfield>
    <subfield code="y">VEM</subfield>
  </datafield>
  <datafield tag="952" ind1=" " ind2=" ">
    <subfield code="0">0</subfield>
    <subfield code="1">0</subfield>
    <subfield code="2">ddc</subfield>
    <subfield code="4">0</subfield>
    <subfield code="6">VEM_PHE_2015_000000000000000_B522_OR_1</subfield>
    <subfield code="7">0</subfield>
    <subfield code="9">55518</subfield>
    <subfield code="a">LBB</subfield>
    <subfield code="b">LBB</subfield>
    <subfield code="c">B522</subfield>
    <subfield code="d">2016-11-02</subfield>
    <subfield code="o">VEM PHE 2015 B522 Or.1</subfield>
    <subfield code="r">2016-11-02</subfield>
    <subfield code="w">2016-11-02</subfield>
    <subfield code="y">VEM</subfield>
  </datafield>
  <datafield tag="952" ind1=" " ind2=" ">
    <subfield code="0">0</subfield>
    <subfield code="1">0</subfield>
    <subfield code="4">0</subfield>
    <subfield code="6">AGR_PHE_2015_000000000000000_B691_OR_1</subfield>
    <subfield code="7">0</subfield>
    <subfield code="9">87008</subfield>
    <subfield code="a">LBB</subfield>
    <subfield code="b">LBB</subfield>
    <subfield code="c">B691</subfield>
    <subfield code="d">2021-10-11</subfield>
    <subfield code="l">3</subfield>
    <subfield code="o">AGR PHE 2015 B691 Or.1</subfield>
    <subfield code="p">A066843</subfield>
    <subfield code="r">2022-09-06</subfield>
    <subfield code="s">2022-08-17</subfield>
    <subfield code="y">AGR</subfield>
  </datafield>
  <datafield tag="952" ind1=" " ind2=" ">
    <subfield code="0">0</subfield>
    <subfield code="1">0</subfield>
    <subfield code="4">0</subfield>
    <subfield code="6">AGR_PHE_2015_000000000000000_B691_OR_1</subfield>
    <subfield code="7">0</subfield>
    <subfield code="9">87009</subfield>
    <subfield code="a">LBB</subfield>
    <subfield code="b">LBB</subfield>
    <subfield code="c">B691</subfield>
    <subfield code="d">2021-10-11</subfield>
    <subfield code="l">4</subfield>
    <subfield code="o">AGR PHE 2015 B691 Or.1</subfield>
    <subfield code="p">A065984</subfield>
    <subfield code="r">2023-07-07</subfield>
    <subfield code="s">2023-06-23</subfield>
    <subfield code="y">AGR</subfield>
  </datafield>
</record>
